000 00635cam a2200217 4500500
005 20260405003908.0
041 _afre
042 _adc
100 1 0 _aEltchaninoff, Michel
_eauthor
245 0 0 _aRadin ou flambeur ? Faites le test !
260 _c2025.
500 _a43
690 _aArgent
690 _aAscétisme
690 _aDépense
690 _aExcès
690 _aFrugalisme
690 _aMichel Eltchaninoff
786 0 _nPhilosophie magazine | 186 | 1-2 | 2025-02-01 | p. 30-30 | 1951-1787
856 4 1 _uhttps://shs.cairn.info/magazine-philosophie-magazine-2025-2-page-30?lang=fr&redirect-ssocas=7080
999 _c2071872
_d2071872